| 000 | 00693nam a22001577a 4500 | ||
|---|---|---|---|
| 008 | 230504b |||||||| |||| 00| 0 eng d | ||
| 040 |
_aNational Science Library _cNational Science Library |
||
| 080 |
_a061.2:92(42) _bJ8.1 |
||
| 245 |
_aBiographical memoirs of fellows of the royal society _c/ The Royal Society Burlington House |
||
| 260 |
_aLondon: _bThe Royal Society Burlington House, _c1955 |
||
| 300 | _a263p. | ||
| 500 | _aVol. 1; 263p. Vol. 1; 263p. Vol. 3; 328p. Vol. 5; 279p. Vol. 6; 295p. Vol. 7; 363p. Vol. 10; 388p. Vol. 10; 388p. Vol. 12; 564p. Vol. 12; 402p. Vol. 14; 467p. Vol. 20; 504p. | ||
| 650 | _aManagement | ||
| 653 | _aBiographical | ||
| 942 |
_2udc _cREF |
||
| 999 |
_c27410 _d27410 |
||